000 00474nam a2200169Ia 4500
008 240729s9999 xx 000 0 und d
022 _a2055-2076
245 0 _aDigital Health
260 _aUnited Kingdom
260 _bSAGE Publishing
650 _a Computer applications to medicine. Medical informatics
650 _a Medicine (General)
650 _aMedicine
856 _uhttps://doaj.org/toc/5a39b279c8d04618911d6db65ada5139
942 _2ddc
942 _cDOAJEJ
999 _c67685
_d67685
945 _a1
_bMadushi Gamage
_c1
_dMadushi Gamage